Online
Catalog

Elogio de la Fonda / (Record no. 11368)

MARC details
000 -CABECERA
campo de control de longitud fija 00999cam a2200289 a 4500
001 - NÚMERO DE CONTROL
campo de control 000011682
005 - FECHA Y HORA DE LA ÚLTIMA TRANSACCIÓN
campo de control 20200929162528.0
008 - DATOS DE LONGITUD FIJA--INFORMACIÓN GENERAL
campo de control de longitud fija 040331s2001 pr b 001 0 spa d
020 ## - NÚMERO INTERNACIONAL ESTÁNDAR DEL LIBRO
Número Internacional Estándar del Libro 156328166X (pbk.)
035 ## - NÚMERO DE CONTROL DEL SISTEMA
Número de control de sistema (OCoLC)ocm47059478
040 ## - FUENTE DE LA CATALOGACIÓN
Centro catalogador/agencia de origen DO-SdBNP
Centro/agencia transcriptor PBR
Centro/agencia modificador GZM
-- PL#
-- I5B
-- DLC
042 ## - CÓDIGO DE AUTENTICACIÓN
Código de autenticación lccopycat
043 ## - CÓDIGO DE ÁREA GEOGRÁFICA
Código de área geográfica nwpr---
082 ## - NÚMERO DE LA CLASIFICACIÓN DECIMAL DEWEY
Número de clasificación 641.5
Número de documento/Ítem R696e
049 ## - FONDOS LOCALES (OCLC)
Fondos de biblioteca BNGR
100 1# - ENTRADA PRINCIPAL--NOMBRE DE PERSONA
Nombre de persona Rodríguez Julia, Edgardo,
Fechas asociadas al nombre 1946-
9 (RLIN) 19892
245 10 - MENCIÓN DE TÍTULO
Título Elogio de la Fonda /
Mención de responsabilidad, etc. Edgardo Rodríguez Julia.
260 ## - PUBLICACIÓN, DISTRIBUCIÓN, ETC.
Lugar de publicación, distribución, etc. San Juan, Puerto Rico :
Nombre del editor, distribuidor, etc. Plaza Mayor,
Fecha de publicación, distribución, etc. 2001.
300 ## - DESCRIPCIÓN FÍSICA
Extensión 182 p. ;
Dimensiones 21 cm.
490 1# - MENCIÓN DE SERIE
Mención de serie Biblioteca de autores de Puerto Rico.
-- Crónica
504 ## - NOTA DE BIBLIOGRAFÍA, ETC.
Nota de bibliografía, etc. Incluye referencias bibliográficas (p. [181] -182).
650 #4 - PUNTO DE ACCESO ADICIONAL DE MATERIA--TÉRMINO DE MATERIA
Término de materia o nombre geográfico como elemento de entrada Cocina puertorriqueña.
9 (RLIN) 27687
653 ## - TÉRMINO DE INDIZACIÓN--NO CONTROLADO
Término no controlado GASTRONOMIA
-- ENSAYOS, CONFERENCIAS, ETC.
653 ## - TÉRMINO DE INDIZACIÓN--NO CONTROLADO
Término no controlado COCINA
-- ENSAYOS, CONFERENCIAS, ETCc.
830 #0 - PUNTO DE ACCESO ADICIONAL DE SERIE-TÍTULO UNIFORME
Título uniforme Biblioteca de autores de Puerto Rico ;
Nombre de parte o sección de la obra Crónica
9 (RLIN) 27688
910 ## - DATOS DE OPCIÓN DEL USUARIO (OCLC)
Datos de opción del usuario Catalogación derivada / LC
Holdings
Estado de retiro Estado de pérdida Restricciones de uso No para préstamo Código de colección Localización permanente Ubicación/localización actual Ubicación en estantería Fecha de adquisición Número de inventario Total de préstamos Signatura topográfica completa Código de barras Fecha visto por última vez Precio válido a partir de Tipo de ítem Koha
    Préstamo interno   Monografías: Libros y Folletos General General En catalogación 23.10.2009 LF1   641.5 R696e 11682-10 25.06.2020 25.06.2020 Préstamo interno

Powered by Koha